000 00726nas a2200241 4500
001 BR2012004509
003 BR-BrBNA
005 20231205120741.0
007 ta
008 230509b bl.|||p| |||| 00| 00por d
040 _aBR-BrBNA
_bpor
_cBiblioteca Nacional de Agricultura
041 _a(Pt)
072 _aE71
110 1 _aFundação Getúlio Vargas, Brasília, DF (Brasil)
_95141
245 1 _aAgricultura nos EUA - Perspectivas para 2012
650 _aAGRICULTURA
650 _aMERCADO MUNDIAL
650 _aRENDA
650 _aESTADOS UNIDOS
773 0 _tAgroanalysis (Brazil)
_xISSN 0100-4298
_g(May 2012), v. 32(5) p. 23-24
_wBR2012004509
909 _a202311
_bLúcia
_c55
_dLúcia Elande
942 _2AGRIS
_n0
_cANA
999 _c220114
_d220114